Rukověť exportéra: Kyrgyzstán
Základné informácie o demografii, ekonomike, priemysle, výrobnej sfére a infraštruktúre Kirgizska.
Salvato in:
| Natura: | Capitolo di libro |
|---|---|
| Lingua: | ceco |
| Soggetti: | |
| Tags: |
Nessun Tag, puoi essere il primo ad aggiungerne!!
|
MARC
| LEADER | 00000naa a2200000 4500 | ||
|---|---|---|---|
| 001 | r032119 | ||
| 005 | 20230908092824.2 | ||
| 041 | 0 | |a cze | |
| 044 | |a CZ | ||
| 245 | 1 | 0 | |a Rukověť exportéra: Kyrgyzstán |
| 520 | |a Základné informácie o demografii, ekonomike, priemysle, výrobnej sfére a infraštruktúre Kirgizska. | ||
| 610 | 2 | 0 | |a situácia hospodárska |
| 610 | 2 | 0 | |a styk zahraničnoobchodný |
| 610 | 2 | 0 | |a obchod zahraničný |
| 610 | 2 | 0 | |a priemysel |
| 610 | 2 | 0 | |a sféra výrobná |
| 610 | 2 | 0 | |a doprava |
| 610 | 2 | 0 | |a vývoz |
| 610 | 2 | 0 | |a Kirgizsko |